000 00670nam a2200229 a 4500
001 BRCA_6140
005 20190320205340.0
008 050711s1922----enk#######---#000-0#eng-#
041 _aeng
044 _aenk
050 4 _aPZ3
_b.D695 H1
_c1922
100 1 _aDoyle, Arthur Conan
_cSir
_d1859-1930
_915484
245 1 0 _aHis last bow
_ba reminiscence of Sherlock Holmes
_cby Arthur Conan Doyle.
260 _aLondres
_bJ. Murray
_c1922
300 _avi, 305 p.
_c18 cm.
500 _aEstado físico: Encuadernación desprendida
500 _aK29
650 1 4 _aHolmes, Sherlock
_xFicción
_915485
650 1 4 _aNovelas policíacas
_9877
902 _aGFM
942 _2lcc
_cB
999 _c5827
_d5827